[Event "Open NK"]
[Site "Dieren NED"]
[Date "2007.07.27"]
[Round "4"]
[White "Punt,R"]
[Black "Maenhout,T"]
[Result "1-0"]
[WhiteElo "2144"]
[BlackElo "2302"]

1.e4 c5 2.Nf3 d6 3.Bb5+ Nc6 4.O-O Bg4 5.h3 Bh5 6.Re1 e6 7.Nc3 Ne7 8.b3 a6
9.Bf1 Nc8 10.Bb2 Be7 11.g3 O-O 12.Bg2 Rb8 13.Ne2 Bf6 14.Bxf6 Qxf6 15.Nf4 Bxf3
16.Bxf3 N8e7 17.Bg2 Rbd8 18.c3 Qh6 19.d4 cxd4 20.cxd4 e5 21.Ne2 f5 22.exf5 Nxf5
23.Bxc6 bxc6 24.Qc1 Qf6 25.dxe5 dxe5 26.Rf1 Kh8 27.Qc3 Rd5 28.b4 Qg6 29.Rac1 Nh4
30.Qxc6 Rd6 31.Qc2 Nf3+ 32.Kg2 Rd3 33.Qc6 Qf5 34.Qc5 h5 35.a4 Qe4 36.Qxf8+ Kh7
37.Rg1 Qxe2 38.Qf5+ g6 39.Rc7+ Kh6 40.Qf8+ Kg5 41.h4+ Nxh4+ 42.gxh4+ Kxh4
43.Rc4+  1-0

[Event "Open NK"]
[Site "Dieren NED"]
[Date "2007.07.27"]
[Round "4"]
[White "Hendriks,W"]
[Black "Kleijn,C"]
[Result "1-0"]
[WhiteElo "2420"]
[BlackElo "2194"]

1.e4 c5 2.Nf3 d6 3.Bb5+ Nd7 4.d4 Nf6 5.O-O cxd4 6.Qxd4 e5 7.Qd3 h6 8.c4 Be7
9.Nc3 O-O 10.Be3 Nb6 11.a4 a5 12.h3 Be6 13.Rac1 Rc8 14.Nd5 Nbxd5 15.cxd5 Bd7
16.Nd2 Nh5 17.Bxd7 Rxc1 18.Rxc1 Qxd7 19.Qb5 Qd8 20.Bb6 Qb8 21.Bc7 Qa7 22.Bb6 Qb8
23.Rc3 Nf4 24.Kh2 Bd8 25.Be3 Kh7 26.Qd7 Bf6 27.Rc7 Nd3 28.Nc4 Bg5 29.Bxg5 hxg5
30.Nxd6 Qa7 31.Nxf7 Qxf2 32.Nxg5+ Kh6 33.Qxg7+ Kh5 34.Qh7+ Kxg5 35.Rg7+ Kf4
36.Rg4+ Ke3 37.Qxb7 Kd2 38.Qb3 Ne1 39.Qc3+ Kd1 40.Rg3 Rf3 41.Qxe5 Ke2 42.d6 Kf1
43.Qb5+ Rd3 44.Qxd3+ Nxd3 45.Rf3 Ne5 46.Rxf2+ Kxf2 47.g4 Ke3 48.g5 Nf3+ 49.Kg3 Nxg5
50.d7 Ne6 51.h4 Kxe4 52.Kg4 Ke5 53.h5 Kf6 54.h6 Nd8 55.h7  1-0

[Event "11th Festival Open A"]
[Site "Senta SRB"]
[Date "2007.07.27"]
[Round "9"]
[White "Savic,Draga"]
[Black "Nadj Hedjesi,B"]
[Result "0-1"]
[WhiteElo "2225"]
[BlackElo "2371"]

1.e4 c5 2.Nf3 d6 3.Bb5+ Nd7 4.c3 Nf6 5.d3 a6 6.Ba4 b5 7.Bc2 Bb7 8.O-O g6
9.Re1 Bg7 10.d4 e5 11.dxe5 dxe5 12.Qd6 Rc8 13.Bg5 Rc6 14.Qd2 h6 15.Be3 Qe7
16.Qe2 O-O 17.Nbd2 Ng4 18.h3 Nxe3 19.Qxe3 f5 20.a4 Kh8 21.axb5 axb5 22.exf5 gxf5
23.Ra7 Rb6 24.Nb3 e4 25.Na5 Ba8 26.Rd1 Rd6 27.Rxd6 Qxd6 28.Qd2 Bd5 29.Nh4 Nb6
30.Ra6 Rf6 31.b4 cxb4 32.cxb4 Qe5 33.Bd1 f4 34.Qc2 Qg5 35.Qc7 Qxh4 36.Qd8+ Kh7
37.Rxb6 Qg5 38.Rxf6 Bxf6 39.Qd7+ Bg7 40.Qxb5 f3 41.g3 Qd2 42.Bb3 e3 43.Qf1 e2  0-1

[Event "Czech Open GMA"]
[Site "Pardubice CZE"]
[Date "2007.07.28"]
[Round "9"]
[White "Orlov,And"]
[Black "Varga,Cs2"]
[Result "1-0"]
[WhiteElo "2477"]
[BlackElo "2349"]

1.e4 c5 2.Nf3 d6 3.Bb5+ Bd7 4.Bxd7+ Qxd7 5.O-O Nc6 6.c3 d5 7.exd5 Qxd5 8.d4 e6
9.Be3 cxd4 10.Nxd4 Nxd4 11.cxd4 Nf6 12.Nc3 Qd7 13.d5 Nxd5 14.Nxd5 Qxd5 15.Qxd5 exd5
16.Rfd1 Be7 17.Rxd5 Bf6 18.Bc5  1-0

[Event "29th Politiken Cup"]
[Site "Copenhagen DEN"]
[Date "2007.07.29"]
[Round "10"]
[White "Tocklin,T"]
[Black "Traustason,I"]
[Result "1-0"]
[WhiteElo "1943"]
[BlackElo "1782"]

1.e4 c5 2.Nf3 d6 3.Bb5+ Nc6 4.O-O a6 5.Bxc6+ bxc6 6.d4 cxd4 7.Qxd4 Qc7 8.c4 c5
9.Qd3 e5 10.Nc3 Be6 11.Ng5 Nf6 12.f4 exf4 13.Bxf4 h6 14.Nxe6 fxe6 15.e5 dxe5
16.Qg6+ Qf7 17.Qxf7+ Kxf7 18.Bxe5 Be7 19.Ne4 Rad8 20.Nxf6 gxf6 21.Bc3 Rd3
22.Rad1 Rhd8 23.Rxd3 Rxd3 24.Kf2 Kg6 25.Re1 Kf7 26.Ke2 Rd7 27.Rf1 Rd8 28.Rf3 Rg8
29.Kf2 Rd8 30.Ke2 Rg8 31.g3 Rd8 32.Bd2 Kg6 33.Ra3 Rd6 34.Rb3 Rc6 35.Rb7 Bf8
36.g4 h5 37.gxh5+ Kxh5 38.Rf7 Bd6 39.Rxf6 Be5 40.Rh6+ Kg4 41.b3 Kf5 42.h3 Rc8
43.Rh5+ Kf6 44.h4 Ra8 45.Bg5+ Kg6 46.Rh6+ Kf5 47.Be3 Bd4 48.h5 a5 49.Rg6 Bxe3
50.Kxe3 a4 51.Rg2 axb3 52.axb3 Rb8 53.Rb2 Kg5 54.Ke4 Kxh5 55.Ke5 Rb6 56.Rd2 Rxb3
57.Kxe6 Kg6 58.Rg2+ Kh7 59.Kd5 Rc3 60.Kxc5 Rh3 61.Kd5 Rd3+ 62.Kc6 Re3 63.c5 Re1
64.Kd6 Rd1+ 65.Kc7 Rc1 66.c6  1-0

[Event "ITT"]
[Site "Villa Martelli ARG"]
[Date "2007.07.29"]
[Round "6"]
[White "Ripari,M"]
[Black "Gattas,A"]
[Result "1-0"]
[WhiteElo "2350"]
[BlackElo "2203"]

1.e4 c5 2.Nf3 d6 3.Bb5+ Nc6 4.O-O Bd7 5.Re1 a6 6.Bxc6 Bxc6 7.c3 Nf6 8.d4 Bxe4
9.Bg5 Bxb1 10.Rxb1 e6 11.d5 e5 12.b4 cxb4 13.Bxf6 gxf6 14.Rxb4 Bg7 15.Nh4 Qd7
16.Qb1 b5 17.a4 Rc8 18.axb5 axb5 19.Nf5 Bf8 20.Rxb5 Rg8 21.Rb7 Rc7 22.Rxc7 Qxc7
23.Re2 Be7 24.Ra2 Rg4 25.Ra8+ Bd8 26.Qb5+ Kf8 27.Qc6  1-0

[Event "Open Women Bulgarian Ch"]
[Site "Vratsa BUL"]
[Date "2007.07.29"]
[Round "6"]
[White "Vladimirova,M"]
[Black "Videnova,I"]
[Result "0-1"]
[WhiteElo "1998"]
[BlackElo "2155"]

1.e4 c5 2.Nf3 d6 3.Bb5+ Bd7 4.Bxd7+ Qxd7 5.O-O Nf6 6.Qe2 Nc6 7.Rd1 e6 8.d4 cxd4
9.Nxd4 Be7 10.c4 O-O 11.Nc3 Rac8 12.b3 a6 13.Bb2 Qc7 14.Rd3 Rfe8 15.Rad1 Bf8
16.Rh3 d5 17.Nxc6 bxc6 18.Nb5 axb5 19.Bxf6 gxf6 20.Qh5 h6 21.Rg3+ Bg7 22.Qg4 Kf8
23.Qxg7+ Ke7 24.exd5 cxd5 25.cxd5 Rcd8 26.Qg4 Rxd5 27.Rxd5 exd5 28.Re3+ Kd8
29.Rxe8+ Kxe8 30.Qe2+ Kf8 31.Qxb5 Qc1+ 32.Qf1 Qb2 33.h3 Qxa2 34.Qd3 Qa1+
35.Kh2 d4 36.Qf3 Qa6 37.Qd5 Qb6 38.Kg3 Qc7+ 39.Kf3 Qc3+ 40.Ke4 f5+ 41.Kxf5 d3
42.Qd6+ Kg8 43.Qg3+ Qg7 44.Qb8+ Kh7 45.Qb4 Qxg2 46.Qa4 Qf3+ 47.Ke5 Qe2+ 48.Kf4 d2
49.Qa7 Kg6 50.Qb6+ Qe6 51.Qb8 d1=Q 52.Qg8+ Kf6  0-1

[Event "Open Women Bulgarian Ch"]
[Site "Vratsa BUL"]
[Date "2007.07.30"]
[Round "8"]
[White "Ionescu,I"]
[Black "Chilingirova,P"]
[Result "1/2-1/2"]
[WhiteElo "2274"]
[BlackElo "2189"]

1.e4 c5 2.Nf3 d6 3.Bb5+ Nd7 4.O-O a6 5.Bxd7+ Bxd7 6.d4 cxd4 7.Qxd4 Bc6 8.c4 Nf6
9.Nc3 e6 10.Bg5 Be7 11.Rad1 O-O 12.a4 Qc7 13.Rc1 h6 14.Bh4 g5 15.Bg3 Nh5
16.Nd5 exd5 17.cxd5 Bf6 18.Qd2 Nxg3 19.hxg3 Rfe8 20.Rfe1 Qb6 21.dxc6 bxc6
22.Qxd6 Re6 23.Qc5 Qxb2 24.Rc2 Qb3  1/2-1/2

[Event "Sun Pawn Open"]
[Site "Ilichevsk UKR"]
[Date "2007.07.31"]
[Round "11"]
[White "Fingerov,D"]
[Black "Khaetsky,R"]
[Result "1/2-1/2"]
[WhiteElo "2330"]
[BlackElo "2379"]

1.e4 c5 2.Nf3 d6 3.Bb5+ Bd7 4.Bxd7+ Qxd7 5.O-O Nc6 6.c3 Nf6 7.Re1 e6 8.a4 Be7
9.d3 O-O 10.h3 h6 11.Bf4 Rad8 12.Nbd2 e5 13.Bg3 Nh7 14.Nc4 Ng5 15.Nh4 g6
16.Ne3 Kh7 17.Nd5 Rde8 18.Kh2 Bd8 19.Rf1 Ne6 20.Qg4 h5 21.Qf3 Ng7 22.Nf6+ Bxf6
23.Qxf6 Qe6 24.Qg5 Ne7 25.Qe3 f6 26.Nf3 g5 27.h4 g4 28.Nd2 Ng6 29.f3 Rg8
30.fxg4 hxg4 31.Rf2 f5 32.exf5 Nxf5 33.Qe4 Nxg3 34.Kxg3 d5 35.Qf5 Qxf5 36.Rxf5 Nf4
37.Rf1 Rgf8 38.Rxf8 Rxf8 39.d4 cxd4 40.cxd4 Ne2+ 41.Kxg4 Rg8+ 42.Kf5 Ng3+
43.Kxe5 Nxf1 44.Nxf1 Rxg2 45.b4 Rb2 46.b5 Rb4 47.Ne3 Rxa4 48.Nf5 Rb4 49.Nd6 a5
50.bxa6 bxa6 51.Kxd5 a5 52.Kc5 Rb3 53.d5 a4 54.Kc4 Rh3 55.Nb5 Rxh4+ 56.Kc3 Kg7
57.d6 Kf7 58.Nc7 Kf8 59.Kb2 Rh3 60.Ne6+ Ke8 61.Nc5 a3+ 62.Ka2 Kd8 63.Nb3 Kd7
64.Kxa3 Kxd6 65.Kb4 Rh4+ 66.Kc3 Rh3+ 67.Kb4 Rh4+ 68.Kc3 Kd5  1/2-1/2

[Event "US Open"]
[Site "Cherry Hill USA"]
[Date "2007.08.01"]
[Round "5"]
[White "Parry,M"]
[Black "West,V"]
[Result "1-0"]
[WhiteElo "2292"]
[BlackElo "2087"]

1.e4 c5 2.Nf3 d6 3.Bb5+ Bd7 4.Bxd7+ Qxd7 5.c4 Nc6 6.Nc3 g6 7.d4 cxd4 8.Nxd4 Bg7
9.Nde2 Rc8 10.b3 Nf6 11.f3 O-O 12.O-O Rfd8 13.Bg5 h6 14.Bh4 g5 15.Bf2 e6
16.Qd3 d5 17.Rad1 Qe8 18.exd5 exd5 19.cxd5 Nb4 20.Qf5 Nbxd5 21.Nxd5 Nxd5
22.Rxd5 Rxd5 23.Qxd5 Qxe2 24.Re1 Qxa2 25.Qxb7 Rc2 26.Re8+ Bf8 27.Qb4 Qa1+
28.Be1 Qg7 29.Qe7 a6 30.h3 Rc6 31.Bb4 Qd4+ 32.Kh2 Qf4+ 33.Kh1 Rc1+ 34.Be1 Rxe1+
35.Qxe1 Qd6 36.Qe5 Qxe5 37.Rxe5 Bb4 38.g4 Kg7 39.Rf5 Kg6 40.f4 Bd2 41.fxg5 hxg5
42.Kg2 f6 43.Kf3 Kf7 44.Ke4 Ke6 45.Rc5 a5 46.Rc6+  1-0

[Event "Open NK"]
[Site "Dieren NED"]
[Date "2007.08.01"]
[Round "8"]
[White "Etmans,M"]
[Black "Bensdorp,L"]
[Result "1/2-1/2"]
[WhiteElo "2207"]
[BlackElo "2119"]

1.e4 c5 2.Nf3 d6 3.Bb5+ Nd7 4.O-O Nf6 5.Re1 a6 6.Bxd7+ Bxd7 7.c3 e6 8.d4 Be7
9.e5 dxe5 10.dxe5 Nd5 11.c4 Nb6 12.Qe2 Bc6 13.Nbd2 Qd7 14.Ne4 Rd8 15.Bd2 Nc8
16.a3 Qd3 17.Nd6+ Rxd6 18.exd6 Qxe2 19.d7+ Bxd7 20.Rxe2 O-O 21.Ne5 Rd8 22.Ba5 b6
23.Rd1 Ba4 24.Rxd8+ Bxd8 25.Bc3 Be7 26.Rd2 Nd6 27.b3 Be8 28.f3 f6 29.Nd3 Kf7
30.Nf2 Bc6 31.Rc2 a5 32.a4 h5 33.Re2 g6 34.Ne4 Nxe4 35.fxe4 g5 36.e5 f5 37.g3  1/2-1/2

[Event "GM"]
[Site "Dubna RUS"]
[Date "2007.08.03"]
[Round "2"]
[White "Andreev,Ed UKR"]
[Black "Nechepurenko,R"]
[Result "1/2-1/2"]
[WhiteElo "2435"]
[BlackElo "2510"]

1.e4 c5 2.Nf3 d6 3.Bb5+ Nd7 4.d4 a6 5.Bxd7+ Bxd7 6.dxc5 dxc5 7.Nc3 Bg4 8.Qxd8+ Rxd8
9.Be3 Bxf3 10.gxf3 e6 11.Ke2 Nf6 12.Rad1 Be7 13.Rxd8+ Kxd8 14.e5 Nd7 15.f4 Kc7
16.Ne4 Kc6 17.Rg1 g6 18.Rd1 Rf8 19.a4 b6 20.h3 f6 21.exf6 Nxf6 22.Nxf6 Rxf6
23.Kd3 Rf5 24.Ke4 Rh5 25.Rh1 Bf6 26.b3 e5 27.fxe5 Rxe5+ 28.Kf3 Rf5+ 29.Ke4 Bh4
30.f4 Be7 31.c4 Bd6 32.h4 Rh5 33.Bf2 Kd7 34.Kf3 Kc6 35.Ke4 Be7 36.Kf3 Bf6
37.Kg4 Bd4 38.Bg3 b5 39.axb5+ axb5 40.Re1 bxc4  1/2-1/2

[Event "94th ch-GBR"]
[Site "Great Yarmouth ENG"]
[Date "2007.08.03"]
[Round "5"]
[White "Briscoe,C"]
[Black "Conquest,S"]
[Result "1/2-1/2"]
[WhiteElo "2224"]
[BlackElo "2546"]

1.e4 c5 2.Nf3 d6 3.Bb5+ Nd7 4.d4 cxd4 5.Qxd4 a6 6.Bxd7+ Bxd7 7.Bg5 f6 8.Be3 e6
9.Nc3 Ne7 10.O-O Nc6 11.Qd1 Be7 12.Na4 O-O 13.Nb6 Rb8 14.Nxd7 Qxd7 15.Qd2 b5
16.Rac1 Rfd8 17.Rfd1 d5 18.exd5 exd5 19.Bd4 Bb4 20.c3 Bd6 21.Re1 Re8 22.Rxe8+ Rxe8
23.Rd1 Bc7 24.Qd3 Qg4 25.h3 Qe4 26.Be3 Qxd3 27.Rxd3 Rd8 28.Rd1 Kf7 29.Bc5 Na5
30.Kf1 Nc4 31.b3 Ne5 32.Nd4 g6 33.Nc2 Nc6 34.Nd4 Ne5 35.Nc2 Nc6  1/2-1/2

[Event "94th ch-GBR"]
[Site "Great Yarmouth ENG"]
[Date "2007.08.04"]
[Round "6"]
[White "Bellin,R"]
[Black "Wu,L"]
[Result "1/2-1/2"]
[WhiteElo "2403"]
[BlackElo "2314"]

1.e4 c5 2.Nf3 d6 3.Bb5+ Bd7 4.Bxd7+ Qxd7 5.O-O Nc6 6.c3 Nf6 7.Qe2 e6 8.d4 cxd4
9.cxd4 d5 10.e5 Ng8 11.Nc3  1/2-1/2

[Event "94th ch-GBR"]
[Site "Great Yarmouth ENG"]
[Date "2007.08.04"]
[Round "6"]
[White "Hall,Dan"]
[Black "Stokes,I"]
[Result "1/2-1/2"]
[WhiteElo "2113"]
[BlackElo "2055"]

1.e4 c5 2.Nf3 d6 3.Bb5+ Bd7 4.Bxd7+ Qxd7 5.O-O Nf6 6.Re1 Nc6 7.c3 e6 8.d4 cxd4
9.cxd4 d5 10.e5 Ng8 11.Nc3 Nge7 12.Bg5 h6 13.Bf4 h5 14.a3 Nf5 15.Rc1 O-O-O
16.Na4 Kb8 17.Nc5 Bxc5 18.dxc5 Rc8 19.b4 Ka8 20.b5 Na5 21.a4 Qe7 22.Bd2 Nc4
23.Bb4 b6 24.Rxc4 dxc4 25.Qe2 bxc5 26.Ba5 Nd4 27.Qxc4 Nxf3+ 28.gxf3 Qb7 29.Qd3 h4
30.h3 Rh5 31.Qe3 Rf5 32.Kg2 f6 33.exf6 gxf6 34.Qe4 Rg8+ 35.Kf1 Qxe4 36.Rxe4 Rxf3
37.Rxe6 Rxh3 38.Rxf6 Rh1+ 39.Ke2 Ra1 40.Rf4 Rh8 41.Bc3 Ra2+ 42.Kf1 Rh7 43.a5 Rb7
44.Rxh4 Rxb5 45.Re4 Rc2 46.Be1 c4 47.f4 c3 48.Rc4 Rh5 49.Kg1 Rxa5 50.Rxc3 Rxc3
51.Bxc3 Rf5 52.Be5 Kb7 53.Kf2 Kc6 54.Ke3 Kd5 55.Kd3 Rf7 56.Kc3 Rb7 57.Kc2 Ke4
58.Bd6 Rb6 59.Be5 a5 60.Bb2 Kxf4 61.Kb1 Rb3 62.Ka2 a4 63.Ba3 Ke4 64.Bb2 Kd3
65.Bc1 Kc2 66.Ba3 Kc3 67.Bf8 Kc4 68.Bd6 Rh3 69.Bf8 Kb5 70.Be7 Kc4 71.Bf8 Rh2+
72.Ka3 Rh3+ 73.Ka2 Rh6  1/2-1/2

[Event "Tsiolkovsky Mem"]
[Site "Kaluga RUS"]
[Date "2007.08.04"]
[Round "2"]
[White "Shabanov,Y"]
[Black "Tologontegin,S"]
[Result "0-1"]
[WhiteElo "2431"]
[BlackElo "2320"]

1.e4 c5 2.Nf3 d6 3.Bb5+ Bd7 4.Bxd7+ Qxd7 5.O-O Nc6 6.c3 Nf6 7.Re1 e6 8.d4 cxd4
9.cxd4 d5 10.e5 Ne4 11.Nbd2 Nxd2 12.Bxd2 Be7 13.Rc1 O-O 14.Rc3 Rfc8 15.a3 b5
16.Rd3 Bf8 17.Ng5 h6 18.Nh3 Ne7 19.Nf4 Ng6 20.Nh5 Qc7 21.Rc3 Qb6 22.Qc2 Rxc3
23.Qxc3 a5 24.Rc1 b4 25.Qd3 bxa3 26.bxa3 a4 27.Rb1 Qa6 28.Qxa6 Rxa6 29.Rb8 Kh7
30.Bb4 Bxb4 31.Rxb4 Ne7 32.Rb7 Nc6 33.Rxf7 Kg6 34.Rxg7+ Kxh5 35.g3 Rb6 36.Kg2 Rb3
37.f3  0-1

[Event "Liepajas Rokade Super"]
[Site "Liepaja LAT"]
[Date "2007.08.04"]
[Round "10"]
[White "Naiditsch,A"]
[Black "Georgiev,Ki"]
[Result "1/2-1/2"]
[WhiteElo "2652"]
[BlackElo "2663"]

1.e4 c5 2.Nf3 d6 3.Bb5+ Bd7 4.Bxd7+ Qxd7 5.c4 e5 6.Nc3 Nc6 7.Nd5 Be7 8.d3 Bd8
9.O-O Nge7 10.a3 a5 11.Bg5 Nxd5 12.exd5 Nd4 13.Nxd4 Bxg5 14.Nb5 O-O 15.b4 axb4
16.axb4 b6 17.bxc5 bxc5 18.Ra4 f5 19.Qa1 Rxa4 20.Qxa4 e4 21.Qc2 e3 22.fxe3 Bxe3+
23.Kh1 f4 24.Qe2 h6 25.Qh5 Kh7 26.Ra1 Qe7 27.Qf3 Bd4 28.Rf1 Qe5 29.g3 g5
30.Nc7 Be3 31.Ne6 Ra8 32.Qh5 Qf6 33.h4 gxh4 34.gxf4 Rg8 35.Rb1  1/2-1/2

[Event "ch-ISL"]
[Site "Reykjavik ISL"]
[Date "2007.08.04"]
[Round "7"]
[White "Lagerman,R"]
[Black "Gunnarsson,J"]
[Result "1/2-1/2"]
[WhiteElo "2315"]
[BlackElo "2427"]

1.e4 c5 2.Nf3 d6 3.Bb5+ Bd7 4.Bxd7+ Nxd7 5.O-O Ngf6 6.Re1 e6 7.b3 Be7 8.Bb2 O-O
9.d4 cxd4 10.Nxd4 a6 11.c4 Rc8 12.Nc3 Qa5 13.Qd2 Rfe8 14.Rad1  1/2-1/2

[Event "12th Open"]
[Site "Creon FRA"]
[Date "2007.08.05"]
[Round "9"]
[White "Favarel,A"]
[Black "Le Razavet,Y"]
[Result "1-0"]
[WhiteElo "2067"]
[BlackElo "1849"]

1.e4 c5 2.Nf3 d6 3.Bb5+ Bd7 4.Bxd7+ Qxd7 5.O-O Nc6 6.c3 Nf6 7.Re1 Qc7 8.d4 cxd4
9.cxd4 e5 10.Nc3 Be7 11.Bg5 O-O 12.Rc1 Rac8 13.dxe5 dxe5 14.Nd5 Qd8 15.Nxe5 Nxd5
16.exd5 Bxg5 17.dxc6 Bxc1 18.Qxc1 bxc6 19.Nc4 Qd4 20.b3 Rfe8 21.Rd1 Qg4 22.Nd6 Rcd8
23.f3 Qe6 24.Nxe8 Rxe8 25.Qd2 c5 26.h3 Qe5 27.Kf2 Qe7 28.Re1 Qf8 29.Qd7 Rxe1
30.Kxe1 Qb8 31.Qe7 Qb4+ 32.Kf1 g6 33.Qxa7 Qd4 34.Qa4 Qe3 35.Qa8+ Kg7 36.Qe4 Qc3
37.Qe2 h5 38.h4 Qa1+ 39.Kf2 Qd4+ 40.Kg3 Qd6+ 41.f4 Qd7 42.a4 Kh6 43.a5 Qd4
44.Qc4 Qe3+ 45.Kh2 Qf2 46.f5 Qxf5 47.a6 Qe5+ 48.g3 Qe7 49.Kg2 Kh7 50.Qc2 Qa7
51.Qa2 f6 52.Qa4 Qe7 53.Qc4 Kg7 54.Kf2 Qa7 55.Qb5 c4+ 56.Kf1 c3 57.Ke2 Qd4
58.Qd3 Qe5+ 59.Kd1 Qc7 60.Kc2 Kh6 61.Qe3+ g5 62.a7 Qa5 63.hxg5+ fxg5 64.Qe6+ Kg7
65.Qe7+ Kg6 66.Qe8+  1-0

[Event "12th WY U16 Ol"]
[Site "Singapore SIN"]
[Date "2007.08.05"]
[Round "1"]
[White "Yu,D"]
[Black "Yilmaz,M"]
[Result "0-1"]
[WhiteElo "1996"]
[BlackElo "2204"]

1.e4 c5 2.Nf3 d6 3.Bb5+ Nd7 4.d4 cxd4 5.Qxd4 e5 6.Qd3 h6 7.Nc3 Nf6 8.Be3 Be7
9.h3 Qc7 10.b4 O-O 11.Bc4 d5 12.Nxd5 Nxd5 13.Bxd5 Bxb4+ 14.Bd2 Nc5 15.Qc4 Bxd2+
16.Kxd2 Be6 17.Bxe6 fxe6 18.Ke3 Rf4 19.Nd2 Rd8 20.f3 Rxd2 21.Kxd2 Nxe4+ 22.Qxe4 Rxe4
23.fxe4 Qc4 24.Rae1 Qd4+ 25.Kc1 Qa1+ 26.Kd2 Qxa2 27.Re3 Qc4 28.Rb1 b5 29.Rbb3 b4
30.Rbd3 Qc6 31.Rb3 Qa6 32.Rbd3 Qb7 33.Rb3 a5 34.c3 bxc3+ 35.Rbxc3 a4 36.Ke2 Qb2+
37.Kf3 Qb1 38.Kf2 Kh7 39.g3 Qh1 40.h4 Qh2+ 41.Kf1 Kg6 42.Ra3 Qb2 43.Rad3 Qc1+
44.Ke2 Kh5 45.Kf2 Kg4 46.Ke2 Kh3 47.Kf2 Kh2 48.Ke2 h5 49.Kf2 Qc2+ 50.Kf1 Kh3
51.Ke1 Qg2 52.Kd1 Kg4 53.Ke1 g5 54.hxg5 Kxg5 55.Ra3 Qg1+ 56.Ke2 Qb1 57.Rad3 h4
58.gxh4+ Kxh4 59.Kf2 Kg4 60.Ke2 Kf4 61.Kf2 Qc2+ 62.Ke1 Qg2 63.Ra3 Qg1+ 64.Ke2 Qb1
65.Rad3 Qb5 66.Ke1 Qc5 67.Ke2 Qb6 68.Rc3 Qd4 69.Rcd3 Qc4 70.Ke1 Qa6 71.Rc3 Qa5
72.Ke2 Qb5+ 73.Rcd3 a3 74.Kf2 a2 75.Rd1 Qc5  0-1

[Event "UTwente YM"]
[Site "Hengelo NED"]
[Date "2007.08.06"]
[Round "1"]
[White "Hoolt,S"]
[Black "Brandenburg,D"]
[Result "0-1"]
[WhiteElo "2187"]
[BlackElo "2433"]

1.e4 c5 2.Nf3 d6 3.Bb5+ Bd7 4.Bxd7+ Qxd7 5.c4 Nf6 6.Nc3 Nc6 7.O-O Rc8 8.d4 cxd4
9.Nxd4 a6 10.f4 e6 11.Be3 Be7 12.Qe2 Qc7 13.b3 O-O 14.Rad1 Rfe8 15.Kh1 b5
16.Nxc6 Qxc6 17.e5 dxe5 18.fxe5 Ne4 19.Nxe4 Qxe4 20.Qf2 Rf8 21.Qg3 Rfd8 22.Bg5 Bxg5
23.Qxg5 Rxd1 24.Rxd1 h6 25.Qe7 bxc4 26.Rf1 Rf8 27.Qb4 Qxe5 28.Qxc4 a5 29.h3 Rd8
30.Qc2 f5 31.a3 Qd6 32.Qc4 Qd5 33.Qc7 Rd7 34.Qc8+ Kh7 35.b4 axb4 36.axb4 Rb7
37.Re1 Rb6 38.Qe8 Qc6 39.Qf7 Qc4 40.Qe8 Rd6 41.b5 Qb4 42.Rf1 Rb6 43.Rd1 Qxb5
44.Qf7 Qe2 45.Rg1 Rd6 46.Qe7 Rd3 47.Qh4 Qe4 48.Qxe4 fxe4 49.Re1 Rd4 50.Kg1 Kg6
51.Kf2 Kf5 52.g3 Ra4 53.Re2 g5 54.Rb2 Ke5 55.Rc2 Ra3 56.h4 gxh4 57.gxh4 Kf4
58.Rc6 Ra2+ 59.Ke1 Kf5 60.Rc5+ e5 61.h5 Rh2 62.Rc8 Kf4 63.Rf8+ Ke3  0-1

[Event "UTwente YM"]
[Site "Hengelo NED"]
[Date "2007.08.06"]
[Round "1"]
[White "Meier,Geo"]
[Black "Muhren,B"]
[Result "1-0"]
[WhiteElo "2546"]
[BlackElo "2334"]

1.e4 c5 2.Nf3 d6 3.Bb5+ Nc6 4.O-O Bd7 5.Re1 a6 6.Bxc6 Bxc6 7.d4 cxd4 8.Nxd4 Nf6
9.Nxc6 bxc6 10.Qf3 e5 11.Bg5 Be7 12.Nd2 O-O 13.Nc4 Qc7 14.Rad1 Rfd8 15.b3 Ne8
16.Bd2 Qb7 17.Ba5 Rd7 18.Qh3 Bd8 19.Bc3 Ra7 20.Rd3 Be7 21.Red1 f6 22.Qe6+ Kf8
23.Rh3 h6 24.Rhd3 Rc7 25.Qf5 Qc8 26.Qg6 Qe6 27.Bb4 Rd7 28.Ne3 a5 29.Bd2 a4
30.Nf5 Qf7 31.Qh7 Qg8 32.Qxg8+ Kxg8 33.Be3 Ra8 34.b4 Kf7 35.c4 Rb7 36.c5 dxc5
37.Nxe7 Kxe7 38.Bxc5+ Ke6 39.f3 Rc8 40.Kf2 Ra8 41.Rd8 Rab8 42.g4 Rxd8 43.Rxd8 Kf7
44.Ke3 g6 45.Kd3 Ng7 46.Rf8+ Ke6 47.Kc2 f5 48.h4 fxg4 49.fxg4 Rf7 50.Rxf7 Kxf7
51.Kb2 h5 52.g5 Ke6 53.Ka3 Kd7 54.Kxa4 Ne6 55.Ka5 Kc7 56.Ka6 Nf4 57.a4 Ne2
58.b5 cxb5 59.axb5 Nd4 60.b6+  1-0

[Event "Agentura 64 Cup IMB"]
[Site "Olomouc CZE"]
[Date "2007.08.06"]
[Round "8"]
[White "Lagerman,R"]
[Black "Neerforth,P"]
[Result "1/2-1/2"]
[WhiteElo "2315"]
[BlackElo "2246"]

1.e4 c5 2.Nf3 d6 3.Bb5+ Bd7 4.Bxd7+ Qxd7 5.O-O Nf6 6.Re1 Nc6 7.c3 e6 8.d4 cxd4
9.cxd4 d5 10.e5 Ne4 11.Nbd2 Nxd2 12.Bxd2 Be7 13.a3 O-O 14.Qe2 Rac8 15.Qd3 Qd8
16.b4 h6 17.Rec1 Qb6 18.Rc3 a6 19.Rac1 Na7 20.Be3 Rxc3 21.Rxc3 Rc8 22.Rxc8+ Nxc8
23.Qc3 Na7 24.Bd2 Qc6 25.Qxc6 Nxc6 26.Kf1 Kf8 27.Ke2 Ke8 28.Kd3  1/2-1/2

[Event "94th ch-GBR"]
[Site "Great Yarmouth ENG"]
[Date "2007.08.07"]
[Round "8"]
[White "Arakhamia,K"]
[Black "Wu,L"]
[Result "1-0"]
[WhiteElo "2418"]
[BlackElo "2314"]

1.e4 c5 2.Nf3 d6 3.Bb5+ Bd7 4.Bxd7+ Qxd7 5.O-O Nc6 6.c3 Nf6 7.Qe2 e6 8.d4 cxd4
9.cxd4 d5 10.e5 Ng8 11.Nc3 Nge7 12.Rd1 Nc8 13.Nh4 Nb6 14.b3 O-O-O 15.f4 Be7
16.Nf3 Kb8 17.a4 Bb4 18.Na2 Bf8 19.Bd2 Nc8 20.b4 Nb6 21.b5 Ne7 22.Nb4 Nc4
23.Nd3 Qc7 24.a5 Nc8 25.Rdb1 g6 26.Be1 Be7 27.Qa2 Rd7 28.Bf2 h6 29.Nc5 Rdd8
30.b6 axb6 31.axb6 N8xb6 32.Qa7+ Kc8 33.Rb5 Qc6 34.Rab1 Kc7 35.Na6+ Kd7 36.Rxb6 Nxb6
37.Rxb6 Qc1+ 38.Ne1 Ke8 39.Rxb7 Qa3 40.Nc2 Qc1+ 41.Be1 Bh4 42.Qc5  1-0

[Event "12th WY U16 Ol"]
[Site "Singapore SIN"]
[Date "2007.08.07"]
[Round "5"]
[White "Yu,D"]
[Black "Rajapaksha,RMCM"]
[Result "1/2-1/2"]
[WhiteElo "1996"]
[BlackElo "2148"]

1.e4 c5 2.Nf3 d6 3.Bb5+ Bd7 4.Bxd7+ Nxd7 5.O-O Ngf6 6.Qe2 g6 7.c3 Bg7 8.d4 e6
9.Rd1 Qc7 10.Bf4 e5 11.Bg3 Nh5 12.Na3 Nxg3 13.hxg3 a6 14.dxc5 dxc5 15.Nc4 O-O
16.Rd5 b5 17.Ne3 Nb6 18.Rd2 Rad8 19.Rad1 Rxd2 20.Rxd2 Rd8 21.b3 Bh6 22.Rxd8+ Qxd8
23.Nxe5 Bxe3 24.fxe3 Qf6 25.Qd3 Qxe5 26.Qd8+ Kg7 27.Qxb6 Qxc3 28.Qxa6 Qxe3+
29.Kh2 Qh6+ 30.Kg1 Qe3+ 31.Kh2 b4 32.Qc4 Qd4 33.Qc1 Qf2 34.Qf4 Qxa2 35.Qe5+ Kg8
36.Qe8+  1/2-1/2

[Event "Arctic Chess Challenge"]
[Site "Tromso NOR"]
[Date "2007.08.07"]
[Round "4"]
[White "Johnsen,Sv"]
[Black "Pedersen,O"]
[Result "1/2-1/2"]
[WhiteElo "2172"]
[BlackElo "2097"]

1.e4 c5 2.Nf3 d6 3.Bb5+ Bd7 4.Bxd7+ Qxd7 5.c4 g6 6.d4 cxd4 7.Nxd4 Bg7 8.b3 Nf6
9.Nc3 Nc6 10.Bb2 O-O 11.O-O a6 12.Nd5 Nxd5 13.cxd5 Nxd4  1/2-1/2

[Event "ch-Euro Rapid Women"]
[Site "Predeal ROM"]
[Date "2007.08.08"]
[Round "3"]
[White "Vladimirova,M"]
[Black "Gvetadze,Sopi"]
[Result "0-1"]
[WhiteElo "1998"]
[BlackElo "2371"]

1.e4 c5 2.Nf3 d6 3.Bb5+ Nc6 4.O-O Bd7 5.Bxc6 Bxc6 6.Re1 e5 7.c3 g6 8.d4 Qc7
9.d5 Bd7 10.c4 Bg7 11.Nc3 Ne7 12.Be3 Bg4 13.Nb5 Qd7 14.h3 Bxf3 15.Qxf3 O-O
16.Qe2 f5 17.Nc3 f4 18.Bd2 f3 19.Qf1 fxg2 20.Qxg2 Rf7 21.Qg4 Qxg4+ 22.hxg4 Raf8
23.Be3 a6 24.a3 Rc8 25.Na4 b5 26.cxb5 axb5 27.Nc3 Rb8 28.a4 bxa4 29.Rxa4 Nc8
30.Rb1 Rfb7 31.Ra6 Bf8 32.Na4 Rb4 33.f3 Rc4 34.Bd2 Rc2 35.Ba5 Rb3 36.Bc3 Kf7
37.Rc6 Rb8 38.Ra6 Be7 39.Ba5 Rb7 40.b4 Bg5 41.Nb6 Be3+ 42.Kh1 cxb4 43.Nxc8 Rxc8
44.Rxd6 b3 45.Rc6 Rcb8 46.d6 Ke6 47.Bc7 Ra8 48.Rc3 Bf4 49.Rcxb3 Rba7 50.R3b2 Ra3
51.Kg2 Rd3 52.Rb8 Ra2+ 53.R8b2 Raa3 54.Rf2 Be3 55.Re2 Bc5 56.Rb8 Rxf3 57.Re8+ Kd7
58.Rxe5 Rg3+ 59.Kh2 Rh3+ 60.Kg2 Rag3+  0-1

[Event "ch-Euro Rapid Women"]
[Site "Predeal ROM"]
[Date "2007.08.08"]
[Round "6"]
[White "Craciun,P"]
[Black "Motoc,A"]
[Result "0-1"]
[WhiteElo "2192"]
[BlackElo "2289"]

1.e4 c5 2.Nf3 d6 3.Bb5+ Nc6 4.d4 cxd4 5.Qxd4 Bd7 6.Bxc6 Bxc6 7.Nc3 Nf6 8.O-O e6
9.Bg5 Be7 10.Rad1 O-O 11.Rfe1 Qa5 12.b4 Qc7 13.b5 Bd7 14.e5 dxe5 15.Nxe5 Rfd8
16.Qe3 Be8 17.a4 Rac8 18.Rxd8 Bxd8 19.Ne2 h6 20.Bf4 Nd5 21.Qxa7 Qxc2 22.Qxb7 Nxf4
23.Nxf4 Qd2 24.Ned3 Rc7 25.Qe4 g5 26.Nxe6 Re7 27.Re2 Qd1+ 28.Re1 Qd2 29.Re2 Qa5
30.Qd5 fxe6 31.Qe5 Qxa4 32.Qd6 Qa5 33.g3 Qc7 34.Rxe6 Qxd6 35.Rxd6 Rd7 36.Rxd7 Bxd7
37.Ne5 Bxb5 38.h4 gxh4 39.gxh4 Bxh4 40.Kg2 Kg7 41.Ng4 h5 42.Ne3 Kg6 43.Nf1 Bc6+
44.f3 Kf5 45.Kh3 Be1 46.Ne3+ Kg6 47.Ng2 Bd2 48.Kg3 Kg5 49.f4+ Kf6 50.Kf2 Kf5
51.Kg3 Kf6 52.Kf2 Bd7 53.Ke2 Bc1 54.Kd1 Bc6 55.Ne1 Bxf4 56.Nd3 Bd6 57.Ke1 Kf5
58.Nc1 Bb5 59.Ne2 Kg4 60.Nd4 Bb4+ 61.Kd1 Bc4 62.Nc6 Bd6 63.Nd4 h4 64.Nc2 Bb3  0-1

[Event "12th WY U16 Ol"]
[Site "Singapore SIN"]
[Date "2007.08.08"]
[Round "7"]
[White "Toh Li Cheng"]
[Black "Jung Young Hoon"]
[Result "1-0"]
[WhiteElo "1864"]
[BlackElo "1561"]

1.e4 c5 2.Nf3 d6 3.Bb5+ Bd7 4.Bxd7+ Qxd7 5.c4 Nc6 6.Nc3 Nf6 7.O-O g6 8.d4 cxd4
9.Nxd4 Bg7 10.Be3 O-O 11.f3 Rac8 12.b3 Rfd8 13.Rc1 e6 14.Ndb5 a6 15.Na3 d5
16.Bb6 Re8 17.cxd5 exd5 18.Nxd5 Nxd5 19.Qxd5 Qxd5 20.exd5 Nb4 21.Rcd1 Nxa2
22.d6 Red8 23.d7 Ra8 24.Bxd8 Rxd8 25.Rfe1 Kf8 26.Nc4 Bf6 27.Nd6 Rxd7 28.Re8+ Kg7
29.Nf5+ gxf5 30.Rxd7 b5 31.Ra8 Nc1 32.Rxa6 Nxb3 33.Rd5 b4 34.Rxf5 Bc3 35.Rg5+ Kf8
36.Rh5 Kg7 37.Rah6 Nd2 38.Rc6 Bd4+ 39.Kh1 b3 40.Rb5 b2 41.Rxb2 Bxb2 42.Rc2 Nxf3
43.gxf3 Be5 44.Kg2 f6 45.Kh3 Kg6 46.Kg4 h5+ 47.Kh3 Kf5 48.Rc4 Kg5 49.Kg2 Kf5
50.h3 Kg5 51.Kf2 h4 52.Rg4+ Kh5 53.Ke3 f5 54.Rg8 Kh6 55.f4 Bb2 56.Rg5 Bc1+
57.Kf3 Ba3 58.Rxf5 Kg6 59.Kg4  1-0